Valtiot, joissa on eniten McDonalds ravintoloita - Statistics

Yleistilastot
  • Tätä visaa on pelattu 191 kertaa
  • Keskiarvotulos 16 / 20
Vastaustilastot
# Vuodesta Valtio % Oikein
14,146 1940 Yhdysvallat
99%
2,628 1990 Kiina
98%
1,450 1967 Kanada
96%
1,419 1972 Ranska
96%
1,470 1970 Saksa
96%
609 1990 Venäjä
94%
402 1985 Meksiko
91%
2,975 1971 Japani
90%
548 1985 Italia
89%
920 1971 Australia
88%
497 1981 Espanja
88%
812 1979 Brasilia
87%
1,274 1974 Yhdistynyt Kuningaskunta
86%
290+ 1996 Intia
85%
378 1992 Puola
76%
255 1986 Turkki
66%
430 1988 Etelä-Korea
64%
449 1981 Filippiinit
30%
314 1982 Malesia
26%
413 1984 Taiwan
15%
Ehtoja vastaavia visoja ei löytynyt
Tulosjakauma
Jokaisen tuloksen saaneiden osuus
Persentiili vastausten määrän mukaan
Tuloshistoriasi
Et ole pelannut tätä visaa